| 000 | 00976cab a2200253 4500 | ||
|---|---|---|---|
| 001 | ABS57753 | ||
| 008 | 090401t1997 xxu||||| |||| 00| 0 eng d | ||
| 035 | _a(Sirsi) u81490 | ||
| 041 | _aeng | ||
| 100 | _aBaxter, T. | ||
| 245 | _aObjects of desire | ||
| 260 | _c1997 | ||
| 350 | _a0 | ||
| 490 |
_aBuilding Services Journal _v19(10) October 1997, 30-31(2) |
||
| 520 | _aThe UK chapter of the International Alliance for Interoperability (IAI) is aiming to establish common product descriptions for construction software applications. This article looks at their project and what its consequences will be for the construction industry. Gives background on the IAI. | ||
| 650 | _aCOMPUTER AIDED DESIGN | ||
| 650 | _aBUILT ENVIRONMENT | ||
| 650 | _aINTERNATIONAL ALLIANCE FOR INTEROPERABILITY | ||
| 650 | _aINTEROPERABILITY | ||
| 650 | _aSOFTWARE PACKAGES | ||
| 690 | _aMANAGEMENT-BUSINESS MANAGEMENT-INFORMATION MANAGEMENT | ||
| 942 | _n0 | ||
| 948 | _c16/10/1997 | ||
| 999 |
_c51337 _d51337 |
||